[Event "OP-2015-0-03794"]
[Site "LSS email"]
[Date "2015.08.24"]
[Round "?"]
[White "Heiser, Jerome"]
[Black "Evsin, Igorj"]
[Result "0-1"]
[WhiteElo "703"]
[BlackElo "1511"]
[PlyCount "94"]
[EventDate "2015.08.14"]
[EventType "tourn (corr)"]
[EventRounds "4"]
[EventCountry "GER"]
[SourceTitle "Corr 2022"]
[Source "ChessBase"]
[SourceDate "2021.10.24"]
[SourceVersion "1"]
[SourceVersionDate "2021.10.24"]
[SourceQuality "1"]

1. e4 e5 2. Nf3 Nc6 3. d4 exd4 4. Nxd4 Bc5 5. Nxc6 Qf6 6. Qf3 Qxf3 7. gxf3 dxc6 8. Be3 Bxe3 9. fxe3 Nf6 10. Nc3 0-0 11. 0-0-0 Be6 12. a3 Rad8 13. Bg2 Nd7 14. h4 Rfe8 15. f4 Nb6 16. Rd4 Nc4 17. Re1 g6 18. Nb1 f6 19. Nd2 Nxd2 20. Kxd2 c5 21. Rxd8 Rxd8+ 22. Ke2 Bc4+ 23. Kf2 Rd2+ 24. Kf3 Rxc2 25. b4 cxb4 26. axb4 Rb2 27. Rc1 Rxb4 28. Kg3 c6 29. h5 gxh5 30. Kh4 Be2 31. Rc2 Bd3 32. Rd2 Bxe4 33. Bxe4 Rxe4 34. Kxh5 Rxe3 35. Rd8+ Kf7 36. Rd7+ Re7 37. Rd6 a5 38. Kh6 a4 39. Kxh7 c5 40. Rb6 Rc7 41. Rb1 c4 42. Ra1 b5 43. Kh6 c3 44. Kh5 c2 45. Rc1 a3 46. Kg4 b4 47. Kf3 b3 0-1

[Event "RD-2015-0-00118"]
[Site "LSS email"]
[Date "2015.08.23"]
[Round "?"]
[White "Evsin, Igorj"]
[Black "Cole, Steve"]
[Result "0-1"]
[WhiteElo "1483"]
[BlackElo "1455"]
[PlyCount "70"]
[EventDate "2015.05.29"]
[EventType "tourn (corr)"]
[EventRounds "6"]
[EventCountry "GER"]
[SourceTitle "Corr 2022"]
[Source "ChessBase"]
[SourceDate "2021.10.24"]
[SourceVersion "1"]
[SourceVersionDate "2021.10.24"]
[SourceQuality "1"]

1. e4 e5 2. Nf3 Nc6 3. Bc4 Nf6 4. Ng5 d5 5. exd5 b5 6. Bxb5 Qxd5 7. Be2 Bb7 8. 0-0 Nd4 9. Nf3 Bd6 10. Nc3 Qc6 11. a3 0-0 12. d3 Rfe8 13. Re1 Bc5 14. Bd2 Rad8 15. b4 Bb6 16. h3 Nf5 17. Qc1 Bd4 18. b5 Bxf2+ 19. Kxf2 Qc5+ 20. d4 Rxd4 21. Nxd4 Qxd4+ 22. Be3 Qh4+ 23. Kg1 Bxg2 24. Qd2 Qxh3 25. Bd1 Qh1+ 26. Kf2 Qh2 27. Rg1 Qg3+ 28. Ke2 Ng4 29. Ne4 Qh2 30. Bf2 Nxf2 31. Rxg2 Qxg2 32. Qg5 Qxe4+ 33. Kxf2 Qd4+ 34. Ke2 Qxa1 35. Qxf5 Rd8 0-1

[Event "SE-2015-0-00204"]
[Site "LSS email"]
[Date "2015.07.13"]
[Round "?"]
[White "Baumann, Arend"]
[Black "Evsin, Igorj"]
[Result "0-1"]
[WhiteElo "1243"]
[BlackElo "1468"]
[PlyCount "60"]
[EventDate "2015.05.21"]
[EventType "tourn (corr)"]
[EventRounds "6"]
[EventCountry "GER"]
[SourceTitle "Corr 2022"]
[Source "ChessBase"]
[SourceDate "2021.10.24"]
[SourceVersion "1"]
[SourceVersionDate "2021.10.24"]
[SourceQuality "1"]

1. b3 d5 2. Bb2 Nf6 3. Nf3 Nc6 4. e3 e6 5. c4 Bc5 6. d4 Bd6 7. c5 Be7 8. Bb5 0-0 9. Bxc6 bxc6 10. 0-0 Nd7 11. Nbd2 Ba6 12. Re1 Rb8 13. Qc2 f5 14. Rec1 Qe8 15. Ne1 f4 16. e4 Qh5 17. Nef3 Rf6 18. Re1 Rg6 19. Kh1 Qg4 20. Rg1 Rh6 21. exd5 cxd5 22. Rae1 c6 23. Bc1 e5 24. dxe5 Nxc5 25. Nf1 Bd3 26. Qd2 Be4 27. Qxf4 Nd3 28. Qe3 Bc5 29. Nd4 Bxd4 30. Qxd4 Nxe1 0-1

[Event "SE-2015-0-00204"]
[Site "LSS email"]
[Date "2015.07.13"]
[Round "?"]
[White "Evsin, Igorj"]
[Black "Wilshusen, Horst"]
[Result "0-1"]
[WhiteElo "1468"]
[BlackElo "1294"]
[PlyCount "60"]
[EventDate "2015.05.21"]
[EventType "tourn (corr)"]
[EventRounds "6"]
[EventCountry "GER"]
[SourceTitle "Corr 2022"]
[Source "ChessBase"]
[SourceDate "2021.10.24"]
[SourceVersion "1"]
[SourceVersionDate "2021.10.24"]
[SourceQuality "1"]

1. e4 e5 2. f4 exf4 3. Nf3 h6 4. Bc4 d6 5. d4 g5 6. Nc3 Bg7 7. 0-0 Nc6 8. d5 Ne5 9. Nxe5 Bxe5 10. Qd3 Ne7 11. Nb5 Ng6 12. Nd4 Bd7 13. a4 Qf6 14. Nb5 Bxb5 15. Bxb5+ Kf8 16. c3 Qe7 17. a5 Kg7 18. a6 b6 19. b3 h5 20. Bb2 Nf8 21. Bc6 Rd8 22. b4 Nh7 23. Rae1 Nf6 24. Kh1 Rdg8 25. Bc1 Kf8 26. Re2 h4 27. Bb2 Nh5 28. Kg1 Ng3 29. hxg3 hxg3 30. Rd1 Qf6 0-1

[Event "LSS No Engine Cup 134 Preliminary 0"]
[Site "LSS email"]
[Date "2015.07.08"]
[Round "?"]
[White "Evsin, Igorj"]
[Black "Lombardi, Donato"]
[Result "1-0"]
[WhiteElo "1803"]
[BlackElo "1168"]
[PlyCount "105"]
[EventDate "2015.07.09"]
[EventType "tourn (corr)"]
[EventRounds "6"]
[EventCountry "GER"]
[SourceTitle "Corr 2022"]
[Source "ChessBase"]
[SourceDate "2021.10.24"]
[SourceVersion "1"]
[SourceVersionDate "2021.10.24"]
[SourceQuality "1"]

1. e4 e6 2. d4 d5 3. Nc3 Nf6 4. Bg5 Be7 5. e5 Nfd7 6. Bxe7 Qxe7 7. f4 a6 8. Nf3 c5 9. Be2 cxd4 10. Qxd4 Nc6 11. Qe3 0-0 12. 0-0 Qc5 13. Qxc5 Nxc5 14. Rad1 Bd7 15. a3 Rac8 16. b4 Ne4 17. Nxe4 dxe4 18. Rxd7 exf3 19. Rxf3 Rfd8 20. Rxb7 Nd4 21. Rf2 Nxc2 22. Bxa6 Ne3 23. Rf3 Rd1+ 24. Kf2 Ng4+ 25. Kg3 Nh6 26. Rxf7 Ra8 27. Bb7 Rb8 28. Rc7 Nf5+ 29. Kh3 Ra1 30. Rc8+ Rxc8 31. Bxc8 Kf7 32. Rd3 Rf1 33. g3 Ne7 34. Bd7 Ra1 35. b5 Nd5 36. f5 Ne7 37. Bxe6+ Ke8 38. Rb3 Re1 39. b6 Rxe5 40. b7 Nc6 41. b8Q+ Nxb8 42. Rxb8+ Ke7 43. Rb7+ Kf6 44. Rf7+ Kg5 45. Rxg7+ Kh6 46. Ra7 Re3 47. a4 Ra3 48. a5 Kg5 49. a6 h5 50. Ra8 Kh6 51. a7 Kg5 52. Rg8+ Kh6 53. a8Q 1-0

[Event "SE-2015-0-00204"]
[Site "LSS email"]
[Date "2015.07.06"]
[Round "?"]
[White "Masek, Lubos"]
[Black "Evsin, Igorj"]
[Result "0-1"]
[WhiteElo "1328"]
[BlackElo "1468"]
[PlyCount "26"]
[EventDate "2015.05.21"]
[EventType "tourn (corr)"]
[EventRounds "6"]
[EventCountry "GER"]
[SourceTitle "Corr 2022"]
[Source "ChessBase"]
[SourceDate "2021.10.24"]
[SourceVersion "1"]
[SourceVersionDate "2021.10.24"]
[SourceQuality "1"]

1. d4 d5 2. Nf3 Nf6 3. h3 c5 4. c4 dxc4 5. Qa4+ Bd7 6. Qxc4 cxd4 7. Qxd4 Nc6 8. Qd1 e5 9. a3 e4 10. Nd4 Qb6 11. Nxc6 Bxc6 12. e3 Rd8 13. Bd2 Qxb2 0-1